| 000 | 00367nam a2200133 4500 | ||
|---|---|---|---|
| 005 | 20260530113902.0 | ||
| 100 | 1 |
_aBrigitte Bjerrgaard _932371 |
|
| 245 | 1 | 0 | _aDENMARK special / Denmark in the 21st Century |
| 264 | 1 |
_bWorld Pictures ApS _c2000 |
|
| 300 | _a200 páginas | ||
| 336 |
_atexto _2rdacontent |
||
| 337 |
_asin medio _2rdamedia |
||
| 338 |
_avolumen _2rdacarrier |
||
| 999 |
_c11807 _d11807 |
||